LEADER 01965nam0 22004093i 450 001 CFI0087934 005 20251003044120.0 010 $a8815007512 100 $a20210713d1985 ||||0itac50 ba 101 | $aita$cita 102 $ait 181 1$6z01$ai $bxxxe 182 1$6z01$an 183 1$6z01$anc$2RDAcarrier 200 1 $aProblemi dello sviluppo tardivo in Europa$erapporto su sei paesi appartenenti all'OCSE$fGiorgio Fuā 205 $aNuova ed 210 $aBologna$cIl mulino$d1985 215 $a163 p.$d22 cm. 225 | $aStudi e ricerche$v194 410 0$1001CFI0001423$12001 $aStudi e ricerche$v194 500 10$aProblemi dello sviluppo tardivo in Europa.$3UBO3830959$9CFIV001832$932396 606 $aEuropa$xSviluppo economico$2FIR$3CFIC036324$9I 676 $a306.3094$9ISTITUZIONI ECONOMICHE. Europa$v23 676 $a330.94$9ECONOMIA. Europa$v14 676 $a330.94$9SITUAZIONI E CONDIZIONI ECONOMICHE. EUROPA EUROPA OCCIDENTALE$v21 676 $a337.14$9COOPERAZIONE MULTILATERALE EUROPEA$v21 696 $aCrescita economica 699 $aSviluppo economico$yCrescita economica 700 1$aFuā$b, Giorgio$3CFIV001832$4070$0249893 801 3$aIT$bIT-000000$c20210713 850 $aIT-BN0095 901 $bNAP 01$cPOZZO LIB.$nVi sono collocati fondi di economia, periodici di ingegneria e scienze, periodici di economia e statistica e altri fondi comprendenti documenti di economia pervenuti in dono. 912 $aCFI0087934 950 0$aBiblioteca Centralizzata di Ateneo$c1 v.$d 01POZZO LIB.ECON MON 8414$e 0101 0000102455E VMA 1 v. (Precedente collocazione: GUERRAZZI B 1391)$fB $h20091209$i20091209$c1 v.$d 01POZZO LIB.F. SANTI 172$e 0101 0060029265E VMA 1 v. (Precedente collocazione S 173)$fB $h20221107$i20221107 977 $a 01 996 $aProblemi dello sviluppo tardivo in Europa$932396 997 $aUNISANNIO